logo

Bir Sreshtho Munshi Abdur Rouf Library
Jhenaidah Cadet College

European agency houses in Bengal, 1783-1833 / (Record no. 9788)

MARC details
000 -LEADER
fixed length control field 00761nam a2200277 a 4500
001 - CONTROL NUMBER
JCCL Control Number 9788
003 - CONTROL NUMBER IDENTIFIER
JCCL marc code BD-JhCC
005 - DATE AND TIME OF LATEST TRANSACTION
control field 20180329180937.0
008 - FIXED-LENGTH DATA ELEMENTS--GENERAL INFORMATION
fixed length control field 180329s1966 ii 00100 eng d
035 ## - SYSTEM CONTROL NUMBER
system control number (BD-JhCC)9788
035 ## - SYSTEM CONTROL NUMBER
system control number 1734700
040 ## - CATALOGING SOURCE
Original cataloging agency BD-JhCC
Modifying agency BD-JhCC
041 ## - LANGUAGE CODE
Language code of Book eng
050 00 - LIBRARY OF CONGRESS CALL NUMBER
Classification number HF3789.B4
Item number S5
082 0# - DEWEY DECIMAL CLASSIFICATION NUMBER
Classification number 382.09405414
Author mark and Year SIN 1966
100 1# - MAIN ENTRY--PERSONAL NAME
Personal name Singh, S. B.
245 10 - TITLE STATEMENT
Title European agency houses in Bengal, 1783-1833 /
Statement of responsibility, etc [by] S. B. Singh.
250 ## - EDITION STATEMENT
Edition statement [1st ed.].
260 ## - PUBLICATION, DISTRIBUTION, ETC. (IMPRINT)
Place of publication, distribution, etc Calcutta :
Name of publisher, distributor, etc K. L. Mukhopadhyay,
Date of publication, distribution, etc 1966.
300 ## - PHYSICAL DESCRIPTION
Pagination viii, 331 p. ;
Dimensions 23 cm.
504 ## - BIBLIOGRAPHY, ETC. NOTE
Bibliography, etc Bibliography: p. [319]-325.
650 #0 - SUBJECT ADDED ENTRY--TOPICAL TERM
Topical term or geographic name as entry element Merchants
Geographic subdivision Europe.
651 #0 - SUBJECT ADDED ENTRY--GEOGRAPHIC NAME
Geographic name Bengal (India)
General subdivision Commerce
-- History.
942 ## - ADDED ENTRY ELEMENTS (KOHA)
Source of classification or shelving scheme Dewey Decimal Classification
Koha item type Books
Holdings
Source of classification or shelving scheme Damaged status Not for loan Home library Current library Shelving location Date of accession Total Checkouts Full call number Barcode Date last seen Copy number Koha item type
Dewey Decimal Classification     JCC Rouf Library JCC Rouf Library General Stacks 03/29/2018   382.09405414 SIN 1966 11268 03/29/2018 C-1 Books

JCC Library | Contacts | JCC Home

Last Update on 23 September 2017
Copyright @ 2017-2020 JCC Rouf Library
Rouf Library, Jhenidah Cadet College (JCC), Bangladesh